| 000 | 01351nam0a2200337 4500 | ||
|---|---|---|---|
| 001 | RU\NLR\b_ik\167810 | ||
| 005 | 20250616230402.0 | ||
| 010 | _a978-5-8211-0456-4 | ||
| 010 |
_a5-8211-0456-4 _950 |
||
| 035 | _a(NLR Aleph) 002240573 | ||
| 090 |
_a3552501 _c3552501 |
||
| 100 | _a20080317d2006 |||y0rusy50 ca | ||
| 101 | 0 |
_aeng _drus |
|
| 102 | _aRU | ||
| 105 | _aa ||||||||| | ||
| 200 | 1 |
_aDiscretionary acquisition of firm-specific human capital under non-verifiable performance _fAkhmed Akhmedov a. Anton Suvorov |
|
| 210 |
_aМосква _cРос. экон. шк. _d2006 |
||
| 215 |
_a26 с. _cил. _d30 |
||
| 225 | 1 |
_aWorking paper _fNew econ. achool |
|
| 300 | _aНадзаг. также на рус. яз. | ||
| 300 | _aРез. на рус. яз. | ||
| 320 | _aБиблиогр.: с. 25-26 | ||
| 541 | 0 |
_aНакопление человеческого капитала при неверифицируемой производительности _zrus |
|
| 606 | 1 |
_aКапитал человеческий _xИнвестиции капитала _92431292 _3RU\NLR\AUTH\661447117 |
|
| 686 | 1 | _aУ24(0)0-56 | |
| 700 | 1 |
_aAchmedov _bA. M. _gAchmed Magomedovič _4070 |
|
| 701 | 1 |
_aSuvorov _bA. D. _gAnton Dmitrievič _4070 |
|
| 801 | 0 |
_aRU _bNLR _c20080317 _gRCR |
|
| 942 | _cBOOK | ||
| 980 | _aNB | ||